Penjagaan tanaman anggerik

Bibliographic Details
Other Authors: Yasir Mohd
Format: Book
Published: Kuala Lumpur : Synergy Media
Series:Kaedah mengatasi masalah secara praktikal
Subjects:

MARC

LEADER 00000cam a2200000 7i4500
001 0000015994
005 20080423.0
008 180408
020 |a 9831973984 
090 0 0 |a 635.93415   |b PEN 
245 1 0 |a Penjagaan tanaman anggerik   |c Diselenggarakan oleh Yasir Mohd 
260 |a Kuala Lumpur :   |b Synergy Media 
440 0 |a Kaedah mengatasi masalah secara praktikal 
650 0 |a Orchids 
650 0 |a Orchids culture 
700 1 |a Yasir Mohd 
999 |a 0001015971   |b Book   |c Adult Collection   |e Perbadanan Perpustakaan Awam Johor 
999 |a 0001015972   |b Book   |c Adult Collection   |e Cawangan Mersing 
999 |a 0001015973   |b Book   |c Adult Collection   |e Cawangan Mersing 
999 |a 0001015974   |b Book   |c Adult Collection   |e Cawangan Mersing 
999 |a 0001019334   |b Book   |c Adult Collection   |e Cawangan Mersing 
999 |a 0001231775   |b Book   |c Adult Collection   |e Cawangan Tmn. Ungku Tun Aminah 
999 |a 0001231776   |b Book   |c Adult Collection   |e Cawangan Mersing 
999 |a 0001231777   |b Book   |c Adult Collection   |e Cawangan Pontian 
999 |a 0001231779   |b Book   |c Adult Collection   |e Cawangan Bandar Tenggara 
999 |a 0001231782   |b Book   |c Adult Collection   |e Cawangan Muar 
999 |a 0001231783   |b Book   |c Adult Collection   |e Cawangan Bukit Gambir 
999 |a 0001231784   |b Book   |c Adult Collection   |e Cawangan Tangkak 
999 |a 0001231785   |b Book   |c Adult Collection   |e Cawangan Segamat 
999 |a 0001231786   |b Book   |c Adult Collection   |e Cawangan Bandar Penawar 
999 |a 0001231787   |b Book   |c Adult Collection   |e Cawangan Kota Tinggi